Reform and (counter) revolution in post - independence Guatemala: liberalism, conservatism, and postmoderm controversies /
Պահպանված է:
| Հիմնական հեղինակ: | |
|---|---|
| Ձևաչափ: | Տեքստ |
| Խորագրեր: | |
| Ցուցիչներ: |
Ավելացրեք ցուցիչ
Չկան պիտակներ, Եղեք առաջինը, ով նշում է այս գրառումը!
|
MARC
| LEADER | 00000 a a2200000 04500 | ||
|---|---|---|---|
| 001 | 9167 | ||
| 003 | |||
| 040 | |||
| 100 | |a Stirton Weaver, Frederick | ||
| 245 | |a Reform and (counter) revolution in post - independence Guatemala: |b liberalism, conservatism, and postmoderm controversies / |c Frederick Stirton Weaver | ||
| 650 | |a HISTORIA SOCIAL | ||
| 650 | |a ANALISIS SOCIOLOGICO | ||
| 650 | |a LIBERALISMO | ||
| 650 | |a GUATEMALA | ||
| 773 | |g volumen 26, número 2; páginas 129-158 | ||
| 999 | |c 37977 |d 37977 | ||
